Welcome to the Holygrace Academy Library

Please use search bar below to get started

MY NAME IS RED (Record no. 3692)

MARC details
000 -LEADER
fixed length control field 00571nam a22001457a 4500
020 ## - INTERNATIONAL STANDARD BOOK NUMBER
ISBN 0-571-21224-7
082 ## - DEWEY DECIMAL CLASSIFICATION NUMBER
Classification number 823
Item number PAM/M
100 ## - MAIN ENTRY--AUTHOR NAME
Personal name PAMUK, ORHAN
245 ## - TITLE STATEMENT
Title MY NAME IS RED
260 ## - PUBLICATION, DISTRIBUTION, ETC. (IMPRINT)
Place of publication LONDON
Name of publisher FABER & FABER
Year of publication 1998
300 ## - PHYSICAL DESCRIPTION
Number of Pages 508
520 ## - SUMMARY, ETC.
Summary, etc The book is set in Istanbul, capital of the Ottoman Empire, in 1591, during the empire's most powerful reign. As the book is a commentary on religious oppression and cultural norms, the author chooses to use art as the medium in which these elements are narrated.
650 ## - SUBJECT ADDED ENTRY--TOPICAL TERM
Topical Term NOVEL
Geographic subdivision UNITED KINGDOM
942 ## - ADDED ENTRY ELEMENTS (KOHA)
Koha item type Books
Holdings
Withdrawn status Lost status Collection code Home library Current library Shelving location Date acquired Source of acquisition Cost, normal purchase price Full call number Accession Number Koha item type
    Fiction Main Library Main Library SHELF-14-J- ALPHABETICAL P,Q --ENGLISH NOVELS & FICTIONS 05/08/2011 purchase 399.00 823 PAM/M 05545 Books